Státní zřízení Malajsie

Všeobecná charakteristika Malajzie. Ústava, štátna idea, zásady federalizmu, panovník, zástupca hlavy štátu, konferencia vládcov, vláda a súdnictvo.

Salvato in:
Dettagli Bibliografici
Autore principale: Bankowicz, Marek
Natura: Capitolo di libro
Lingua:ceco
Soggetti:
Tags: Aggiungi Tag
Nessun Tag, puoi essere il primo ad aggiungerne!!

MARC

LEADER 00000naa a2200000 4500
001 r035684
005 20230927113018.2
041 0 |a cze 
044 |a CZ 
245 1 0 |a Státní zřízení Malajsie  |c Marek Bankowicz 
520 |a Všeobecná charakteristika Malajzie. Ústava, štátna idea, zásady federalizmu, panovník, zástupca hlavy štátu, konferencia vládcov, vláda a súdnictvo. 
610 2 0 |a situácia hospodárska 
610 2 0 |a vzťahy politické medzinárodné 
610 2 0 |a Malajzia 
610 2 0 |a Ázia 
610 2 0 |a ústava 
610 2 0 |a federácia 
610 2 0 |a vlády 
610 2 0 |a súdnictvo 
610 2 0 |a politika 
100 1 |a Bankowicz, Marek